|
|
|
|
| LEADER |
01762nam a2200481 a 4500 |
| 001 |
EBC476561 |
| 003 |
MiAaPQ |
| 005 |
20200520144314.0 |
| 006 |
m o d | |
| 007 |
cr cn||||||||| |
| 008 |
081028s2009 enkabe sb 001 0 eng |
| 010 |
|
|
|z 2008046230
|
| 015 |
|
|
|a GBA908460
|2 bnb
|
| 016 |
7 |
|
|z 014889488
|2 Uk
|
| 020 |
|
|
|z 9781844077045 (pbk.)
|
| 020 |
|
|
|z 1844077047 (pbk.)
|
| 035 |
|
|
|a (MiAaPQ)EBC476561
|
| 035 |
|
|
|a (Au-PeEL)EBL476561
|
| 035 |
|
|
|a (CaPaEBR)ebr10313181
|
| 035 |
|
|
|a (CaONFJC)MIL217084
|
| 035 |
|
|
|a (OCoLC)433163343
|
| 040 |
|
|
|a MiAaPQ
|c MiAaPQ
|d MiAaPQ
|
| 050 |
|
4 |
|a HM766
|b .S37 2009
|
| 082 |
0 |
4 |
|a 361.2/5
|2 22
|
| 100 |
1 |
|
|a Sarkissian, Wendy.
|
| 245 |
1 |
0 |
|a Speakout
|h [electronic resource] :
|b the step-by-step guide to speakouts and community workshops /
|c Wendy Sarkissian and Wiwik Bunjamin-Mau ; with Andrea Cook, Kelvin Walsh and Steph Vajda.
|
| 260 |
|
|
|a London ;
|a Sterling, VA :
|b Earthscan,
|c 2009.
|
| 300 |
|
|
|a xxii, 374 p. :
|b ill., maps, plans.
|
| 490 |
1 |
|
|a Tools for community planning
|
| 504 |
|
|
|a Includes bibliographical references (p. [335]-364) and index.
|
| 533 |
|
|
|a Electronic reproduction. Ann Arbor, MI : ProQuest, 2015. Available via World Wide Web. Access may be limited to ProQuest affiliated libraries.
|
| 650 |
|
0 |
|a Community organization.
|
| 650 |
|
0 |
|a Community development.
|
| 650 |
|
0 |
|a Social planning.
|
| 650 |
|
0 |
|a Small groups.
|
| 655 |
|
4 |
|a Electronic books.
|
| 700 |
1 |
|
|a Bunjamin-Mau, Wiwik.
|
| 700 |
1 |
|
|a Cook, Andrea.
|
| 700 |
1 |
|
|a Walsh, Kelvin.
|
| 700 |
1 |
|
|a Vajda, Steph.
|
| 710 |
2 |
|
|a ProQuest (Firm)
|
| 830 |
|
0 |
|a Tools for community planning.
|
| 856 |
4 |
0 |
|u https://ebookcentral.proquest.com/lib/matrademy/detail.action?docID=476561
|z Click to View
|